MARC

LEADER 00000nam0a2200000 4500
001 33994
005 20231030223030.0
010 |a 5217005564 
035 |a (RuTPU)RU\TPU\book\34368 
035 |a BOOK00001019 
090 |a 33994 
100 |a 20011210d1989 km y0rusy50 ca 
101 0 |a rus 
102 |a RU 
105 |a y z 000zy 
200 1 |a Методическое обеспечение САПР в машиностроении  |f В. П. Быков 
210 |a Ленинград  |c Машиностроение  |d 1989 
215 |a 255 с. 
610 1 |a САПР 
610 1 |a конструирование 
610 1 |a машиностроение 
610 1 |a технологическое проектирование 
610 1 |a автоматизация 
675 |a 621.002:658.512  |v 3 
700 1 |a Быков  |b В. П.  |g Владислав Павлович 
801 0 |a RU  |b 63413507  |c 20011210  |g PSBO 
801 2 |a RU  |b 63413507  |c 20190329  |g PSBO 
900 |a Основы конструирования и САПР 
942 |c BK